00618nam a22001577a 4500020001900000040001200019082001800031100002400049245004500073260004700118300005500165942001200220999001900232952010600251952010300357 a 9787119121437 cNUST CL a895.1808bHEN aHeng , Liang983147 aChina manifested in trees / cLiang Heng aBeijing :bForeign Languages Press,c2019. aiii, 282 pages : illustrations, portraits ; 24 cm. 2ddccBK c586516d586516 00102ddc4070aCLbCLcCHISTd2021-10-06l0m1o895.1808 HENpCL-D-1271r2024-10-01w2021-10-14yBK 00102ddc4070aCLbCLcCHISTd2021-10-06l0o895.1808 HENpCL-D-1272r2021-10-14w2021-10-14yBK